Circuit Theory (Record no. 5123)

MARC details
000 -LEADER
fixed length control field 00505nam a2200157Ia 4500
003 - CONTROL NUMBER IDENTIFIER
control field SGT
020 ## - INTERNATIONAL STANDARD BOOK NUMBER
International Standard Book Number 9788177000009
082 ## - DEWEY DECIMAL CLASSIFICATION NUMBER
Classification number 621.38115
Item number CHA
100 ## - MAIN ENTRY--PERSONAL NAME
Personal name Chakrabarti,A
245 ## - TITLE STATEMENT
Title Circuit Theory
260 ## - PUBLICATION, DISTRIBUTION, ETC. (IMPRINT)
Name of publisher, distributor, etc Dhanpat Rai & Co.
Place of publication, distribution, etc N. Delhi
Year of Publication 2010
300 ## - PAGE DESCRIPTION
No. of Pages 1007p.
650 ## - SUBJECT ADDED ENTRY--TOPICAL TERM
Topical term or geographic name as entry element ELECTRONICS
653 ## - KEYWORDS--INDEX TERM
Keyword term CIRCUIT ELEMENTS AND ENERGY SOURCES, ANALYSIS OF NETWORK BY KIRCHHOFF'S LAWS,NODE AND MESH ANALYSIS, NETWORK THEOREMS, SINUSOIDAL STEADY STATE ANALYSIS OF RLC CIRCUITS
942 ## - ADDED ENTRY ELEMENTS (KOHA)
Source of classification or shelving scheme Dewey Decimal Classification
Koha item type Books
942 ## - ADDED ENTRY ELEMENTS (KOHA)
-- 2
Holdings
Withdrawn status Lost status Source of classification or shelving scheme Damaged status Not for loan Home library Current library Date acquired SGTU Total Checkouts Full call number Accession No. (Barcode) Date last seen Date last borrowed Bill Date Koha item type Total Renewals
    Dewey Decimal Classification     SGT Engineering Library SGT Engineering Library 14/10/2010 SGTU 1 621.38115 CHA FE2711 02/01/2025 02/01/2025 09/02/2015 Books  
    Dewey Decimal Classification     SGT Engineering Library SGT Engineering Library 14/10/2010 SGTU 1 621.38115 CHA FE2712 29/08/2017 14/08/2017 09/02/2015 Books  
    Dewey Decimal Classification     SGT Engineering Library SGT Engineering Library 14/10/2010 SGTU   621.38115 CHA FE2713 09/02/2015   09/02/2015 Books  
    Dewey Decimal Classification     SGT Engineering Library SGT Engineering Library 14/10/2010 SGTU 1 621.38115 CHA FE2714 07/12/2018 04/12/2018 09/02/2015 Books  
    Dewey Decimal Classification     SGT Engineering Library SGT Engineering Library 14/10/2010 SGTU 2 621.38115 CHA FE2715 05/10/2021 22/09/2021 09/02/2015 Books  
    Dewey Decimal Classification     SGT Engineering Library SGT Engineering Library 02/07/2011 SGTU 4 621.38115 CHA FE3944 05/12/2018 28/11/2018 09/02/2015 Books 2
    Dewey Decimal Classification     SGT Engineering Library SGT Engineering Library 02/07/2011 SGTU   621.38115 CHA FE3945 09/02/2015   09/02/2015 Books